Wonderful worms / (Record no. 2297)

MARC details
000 -LEADER
fixed length control field 00920pam a2200289 a 4500
005 - DATE AND TIME OF LATEST TRANSACTION
control field 20250828112630.0
020 ## - INTERNATIONAL STANDARD BOOK NUMBER
International Standard Book Number 1562940627
020 ## - INTERNATIONAL STANDARD BOOK NUMBER
International Standard Book Number 1562947036
040 ## - CATALOGING SOURCE
Original cataloging agency DLC
Transcribing agency DLC
Modifying agency DLC
Language of cataloging eng
050 00 - LIBRARY OF CONGRESS CALL NUMBER
Classification number QL391.A6
Item number G53 1992
082 00 - DEWEY DECIMAL CLASSIFICATION NUMBER
Classification number 595.1
Edition number 20
100 1# - MAIN ENTRY--PERSONAL NAME
Personal name Glaser, Linda
245 10 - TITLE STATEMENT
Title Wonderful worms /
Statement of responsibility, etc. by Linda Glaser ; pictures by Loretta Krupinski.
250 ## - EDITION STATEMENT
Edition statement First Scholastic printing, April 2001
260 ## - PUBLICATION, DISTRIBUTION, ETC.
Place of publication, distribution, etc. Brookfield :
Name of publisher, distributor, etc. Scholastic,
Date of publication, distribution, etc. 1992
300 ## - PHYSICAL DESCRIPTION
Extent 25 unnumbered pages :
Other physical details illustrations
Dimensions 22x22 cm
505 ## - FORMATTED CONTENTS NOTE
Formatted contents note H
520 ## - SUMMARY, ETC.
Summary, etc. Describes the physical characteristics, behavior, and life cycle of the common earthworm.
521 ## - TARGET AUDIENCE NOTE
Target audience note 480
Source Lexile
521 ## - TARGET AUDIENCE NOTE
Target audience note H
Source Raz-Plus
650 #0 - SUBJECT ADDED ENTRY--TOPICAL TERM
Topical term or geographic name entry element Earthworms
General subdivision Juvenile literature.
650 #1 - SUBJECT ADDED ENTRY--TOPICAL TERM
Topical term or geographic name entry element Earthworms.
700 1# - ADDED ENTRY--PERSONAL NAME
Personal name Krupinski, Loretta
Relator term illustrator
906 ## - LOCAL DATA ELEMENT F, LDF (RLIN)
a 7
b cbc
c orignew
d 1
e ocip
f 19
g y-gencatlg
942 ## - ADDED ENTRY ELEMENTS (KOHA)
Source of classification or shelving scheme Dewey Decimal Classification
Koha item type Books
Suppress in OPAC No
999 ## -
-- 2297
-- 2297
Holdings
Withdrawn status Lost status Source of classification or shelving scheme Damaged status Not for loan Collection Home library Current library Shelving location Date acquired Total Checkouts Full call number Barcode Date last seen Date last checked out Copy number Price effective from Koha item type
    Dewey Decimal Classification     Juvenile Fiction Footprints International School Library Network Toul Kork Campus Footprints International School Library Network Toul Kork Campus TK Primary Library Room(4th Floor), Bookcase 1&2, Shelves 1-16, Dark Blue Books 11/15/2023 3 GLA 595.1 QL391.A6 FISTK02487 06/03/2024 04/25/2024 1 11/15/2023 Books
    Dewey Decimal Classification     Juvenile Fiction Footprints International School Library Network Toul Kork Campus Footprints International School Library Network Toul Kork Campus TK Primary Library Room(4th Floor), Bookcase 1&2, Shelves 1-16, Dark Blue Books 01/27/2025   GLA 595.1 QL391.A6 FISTKG1B073 01/27/2025   2 01/27/2025 Books
    Dewey Decimal Classification     Juvenile Fiction Footprints International School Library Network Toul Kork Campus Footprints International School Library Network Toul Kork Campus TK Primary Library Room(4th Floor), Bookcase 1&2, Shelves 1-16, Dark Blue Books 04/21/2025   GLA 595.1 QL391.A6 2025-1064 04/21/2025   3 04/21/2025 Books
    Dewey Decimal Classification     Juvenile Fiction Footprints International School Library Network Toul Kork Campus Footprints International School Library Network Toul Kork Campus TK Primary Library Room(4th Floor), Bookcase 1&2, Shelves 1-16, Dark Blue Books 04/22/2025   GLA 595.1 QL391.A6 FISBK01712 04/22/2025   4 04/22/2025 Books
    Dewey Decimal Classification     Juvenile Fiction Footprints International School Library Network Toul Tom Poung Campus Footprints International School Library Network Toul Kork Campus TTP Primary Dark Blue Bookshelves 09/09/2025 1 GLA 595.1 QL391.A6 FISBK01713 11/21/2025 11/14/2025 7 09/09/2025 Books
    Dewey Decimal Classification     Juvenile Fiction Footprints International School Library Network Toul Tom Poung Campus Footprints International School Library Network Toul Tom Poung Campus TTP Primary Dark Blue Bookshelves 08/27/2025   GLA 595.1 QL391.A6 FISTK02488 08/27/2025   5 08/27/2025 Books
    Dewey Decimal Classification     Juvenile Fiction Footprints International School Library Network Toul Tom Poung Campus Footprints International School Library Network Toul Tom Poung Campus TTP Primary Dark Blue Bookshelves 08/28/2025   GLA 595.1 QL391.A6 FIS01732 08/28/2025   6 08/28/2025 Books